1374 1004 1239 1088 1183 1828 1222 1636 1462 1652 1266 1922 1155 1497 1325 1822 1486 1710 1329 1940 1249 1909 1109 1208 1688 1631 1522 1117 1724 1875 1509 1750 1522 1722 1258 1365 1429 1980 1818 1110 1048 1461 1294 1247 1192 1068 1818 1698 1277 1192 1080 1042 1831 1048 1210 1154 1900 1830 1193 1212 1198 1088 1098 1357 1205 1910 1106 1795 1975 1585 1001 1444 1356 1095 1350 1936 1588 1566 1811 1060 1471 1301 1923 1515 1939 1081 1841 1842 1800 1746 1244 1699 1706 1518 1186 1532 1548 1236 1929 BCNSPRNW ULIB Ver.6.0+V

เปลี่ยนเป็นภาษาไทย

Change to English
 แสดงรายละเอียดบรรณานุกรม
  กลับหน้าหลัก

Brief Record : Get Marc (ISO 2709) : E-mail record : QR code < ปิดหน้าต่าง
LEADER : 00000nam 2200000uu 4500
001    13399115254
003     ULIB
008    120808s2543||||th 000 0 tha d
020    ^a9742932212
060 04 ^aWA590^bย547ก 2543
245 00 ^aกระบวนการสุขศึกษากับการพัฒนาพฤติกรรมสุขภาพ :^bก้าวสู่ยุค2000 /^cโดย เยาวลักษณ์ อนุรักษ์ ... [และคนอื่นๆ]
250    ^aพิมพ์ครั้งที่ 1
260    ^aกรุงเทพฯ :^bซิกม่าดีไซน์กราฟฟิก,^c2543
300    ^a99 หน้า :^bภาพประกอบ ;^c29 ซม.
650  7 ^aการส่งเสริมสุขภาพ
650  7 ^aพฤติกรรมสุขภาพ
650  7 ^aสุขศึกษา
700 0  ^aเยาวลักษณ์ อนุรักษ์
945    ^p0^l0^i8674
945    ^p0^l0^i8675
995    ^aกัณชพร
999    ^aใช้งานได้ทุกระบบ
รายการนี้ยังไม่มีแท็ก
คุณยังไม่ได้ล็อกอิน คุณสามารถมีกิจกรรมร่วมกับเว็บไซต์ได้ แต่ต้องล็อกอินก่อน ::
  ล็อกอิน

รายการสื่อสารสนเทศ

ลำดับที่ ประเภท เลขเรียก/บาร์โค้ด สถานที่ สถานะ
- ไม่พบข้อมูล -

รายการใกล้เคียง
    หัวเรื่อง [การส่งเสริมสุขภาพ]
    หัวเรื่อง [พฤติกรรมสุขภาพ]
    หัวเรื่อง [สุขศึกษา]

BibComment


ยังไม่เคยถูกคอมเมนท์

คอมเมนท์ทรัพยากรรายการนี้
  คอมเมนท์: กระบวนการสุขศึกษ..


 Copyright 2026. Bcnsprnw @Library